| 000 | 00924nam a2200289 i 4500 | ||
|---|---|---|---|
| 001 | bg | ||
| 100 | 1 | _aFORD, David | |
| 245 | 1 | 0 |
_aOpcje giełdowe : _b[metody i strategie : przewodnik inwestora] / _cDavid Ford ; [tł. z ang. Piotr Kazimierski]. |
| 246 |
_iTyt. oryg.: _aThe investor's guide to traded options |
||
| 260 |
_aWarszawa : _bLIBER, _c1997. |
||
| 300 |
_a178 s. : _brys., wykr. ; _c24 cm. |
||
| 490 | 1 | _aInwestowanie. Z Biblioteki Parkietu | |
| 500 | _aOryg.: "The investor's guide to traded options" 1994. | ||
| 504 | _aIndeks. | ||
| 650 | 9 | _aGiełda papierów wartościowych | |
| 650 | 9 | _aPapiery wartościowe | |
| 650 | 9 | _aRynek kapitałowy | |
| 655 | _aPoradniki | ||
| 830 | 0 |
_aInwestowanie. _pZ Biblioteki Parkietu |
|
| 020 | _a8390640953 | ||
| 040 | _cBPK | ||
| 041 | 1 |
_apl _hen |
|
| 080 | _a336.76 | ||
| 920 | _a83-906409-5-3 | ||
| 942 | _cKS | ||
| 008 | s pl f |000 0 pol | ||
| 999 |
_c32139 _d32139 |
||